Oxido de lugar: ruralidades, juventudes e identidades /

Salvato in:
Dettagli Bibliografici
Autore principale: González Cangas, Yanko
Natura: testo
Soggetti:
Tags: Aggiungi Tag
Nessun Tag, puoi essere il primo ad aggiungerne!!

MARC

LEADER 00000 a a2200000 04500
001 10147
003
040
100 |a González Cangas, Yanko  
245 |a Oxido de lugar:   |b ruralidades, juventudes e identidades /  |c Yanko González Cangas 
650 |a AMBIENTE RURAL  
650 |a SOCIOLOGIA RURAL  
650 |a CAMBIO SOCIAL  
650 |a TEORIA  
650 |a JUVENTUD RURAL  
650 |a CULTURA  
773 |g número 20; páginas 194-209  
999 |c 26661  |d 26661